| 000 | 01631nam a2200373 i 4500 | ||
|---|---|---|---|
| 001 | 196063 | ||
| 003 | ES-MaACL | ||
| 005 | 20250429063012.0 | ||
| 008 | 240811s2021 sp a | |||| 000 0 eng | ||
| 015 | _aMON21 | ||
| 017 |
_aBI 110-2021 _bOficina Depósito Legal Vizcaya |
||
| 020 | _a9788492937820 | ||
| 035 | _a(SpMaBN)a7007140 | ||
| 035 | _a991039261699708606 | ||
| 040 |
_aSpMaBN _bspa _cSpMaBN _erda |
||
| 080 | _a551.583(268) | ||
| 245 | 0 | 0 |
_aWhither the Arctic Ocean? : _bResearch, Knowledge Needs, and Development en Route to the New Arctic / _cPaul Wassmann (ed.). |
| 264 | 1 |
_aBilbao : _bBBVA Foundation, _c[2021]. |
|
| 264 | 4 | _c©2021 | |
| 300 |
_a261 páginas : _bilustraciones (color) ; _c24 cm. |
||
| 336 |
_aTexto _2rdacontent |
||
| 337 |
_asin mediación _2rdamedia |
||
| 338 |
_avolumen _2rdacarrier |
||
| 504 | _aIncluye referencias bibliográficas. Índice | ||
| 530 | _aDisponible también en línea: https://www.biophilia-fbbva.es/wp-content/uploads/sites/3/2021/05/DE_2021_whither_the_arctic_ocean_Wassmann.pdf | ||
| 650 | 0 |
_aCambios climáticos- _zÁrtico _2embne _9238074 |
|
| 700 |
_aWassmann, Paul _9238075 _epbl |
||
| 852 |
_aES-MaACL _bR.153139 _cDEPOJ _jN-9190 _hDonación: Editorial _xEncuadernación cartoné _9205095 |
||
| 856 | 4 | 1 |
_uhttps://www.biophilia-fbbva.es/publicaciones/whither-the-arctic-ocean-research-knowledge-needs-and-development-en-route-to-the-new-arctic/ _yVersión en línea |
| 942 |
_cMONOGRAFIA _n0 |
||
| 999 |
_c196063 _d196063 |
||